[Event "Krefeld op"]
[Site "Krefeld"]
[Date "2023.08.05"]
[Round "6"]
[White "Bruens, Steffen"]
[Black "Markgraf, Jonas"]
[Result "1/2-1/2"]
[WhiteElo "1789"]
[BlackElo "2043"]
[PlyCount "52"]
[EventDate "2023.08.02"]
[EventType "swiss"]
[EventRounds "9"]
[EventCountry "GER"]
[SourceTitle "CBM 215 Extra"]
[Source "ChessBase"]
[SourceDate "2023.09.30"]
[SourceVersion "1"]
[SourceVersionDate "2023.09.30"]
[SourceQuality "1"]

1. Nf3 d5 2. g3 Nd7 3. d4 Nb6 4. Bg2 Nf6 5. 0-0 g6 6. b3 Bg7 7. c4 c6 8. c5 Nbd7 9. Nc3 0-0 10. Qc2 Re8 11. b4 Nf8 12. Ne5 Bf5 13. Qb3 N6d7 14. f4 Nxe5 15. fxe5 Ne6 16. e3 Bd3 17. Rf2 Bc4 18. Qd1 Rf8 19. Bf1 Bxf1 20. Qxf1 a6 21. Bd2 f5 22. h4 h5 23. a4 b5 24. a5 Bh6 25. Ne2 Kh7 26. Rd1 Qd7 1/2-1/2

[Event "Krefeld op"]
[Site "Krefeld"]
[Date "2023.08.04"]
[Round "4"]
[White "Bruens, Steffen"]
[Black "Krueger, Andre"]
[Result "1-0"]
[WhiteElo "1789"]
[BlackElo "1929"]
[PlyCount "59"]
[EventDate "2023.08.02"]
[EventType "swiss"]
[EventRounds "9"]
[EventCountry "GER"]
[SourceTitle "CBM 215 Extra"]
[Source "ChessBase"]
[SourceDate "2023.09.30"]
[SourceVersion "1"]
[SourceVersionDate "2023.09.30"]
[SourceQuality "1"]

1. Nf3 d5 2. g3 Nf6 3. Bg2 c5 4. 0-0 e6 5. d4 cxd4 6. Nxd4 e5 7. Nf3 Nc6 8. c4 d4 9. e3 Be7 10. exd4 exd4 11. Bf4 0-0 12. Nbd2 Nh5 13. Nxd4 Nxf4 14. Nxc6 bxc6 15. gxf4 Qd4 16. Qe2 Bf6 17. Bxc6 Rb8 18. Nb3 Qxf4 19. Rfe1 Bg4 20. Qe4 Qxe4 21. Bxe4 Bxb2 22. Rab1 Ba3 23. Re3 Rfe8 24. Rbe1 Kf8 25. c5 Bb4 26. Rc1 f5 27. Bg2 Rxe3 28. fxe3 Be2 29. c6 a5 30. c7 1-0

[Event "Krefeld op"]
[Site "Krefeld"]
[Date "2023.08.04"]
[Round "5"]
[White "Macarie, Paul Andrei"]
[Black "Bruens, Steffen"]
[Result "1-0"]
[WhiteElo "1863"]
[BlackElo "1789"]
[PlyCount "53"]
[EventDate "2023.08.02"]
[EventType "swiss"]
[EventRounds "9"]
[EventCountry "GER"]
[SourceTitle "CBM 215 Extra"]
[Source "ChessBase"]
[SourceDate "2023.09.30"]
[SourceVersion "1"]
[SourceVersionDate "2023.09.30"]
[SourceQuality "1"]

1. e4 c5 2. Be2 g6 3. d3 Bg7 4. f4 e6 5. Nf3 Nc6 6. 0-0 Qb6 7. c3 Nge7 8. Na3 d5 9. Kh1 0-0 10. Qe1 e5 11. exd5 Nxd5 12. fxe5 Bxe5 13. Nc4 Qc7 14. Nfxe5 Nxe5 15. Nxe5 Qxe5 16. Bh6 Re8 17. Qf2 Bf5 18. Rae1 Qc7 19. g4 Rxe2 20. Qxe2 Qc6 21. Kg1 Bd7 22. Qf3 f6 23. c4 Nb4 24. Qxf6 Qxf6 25. Rxf6 Bxg4 26. Re7 Nc6 27. Ref7 1-0

[Event "Krefeld op"]
[Site "Krefeld"]
[Date "2023.08.03"]
[Round "3"]
[White "Jeuken, Thomas"]
[Black "Bruens, Steffen"]
[Result "0-1"]
[WhiteElo "1471"]
[BlackElo "1789"]
[PlyCount "34"]
[EventDate "2023.08.02"]
[EventType "swiss"]
[EventRounds "9"]
[EventCountry "GER"]
[SourceTitle "CBM 215 Extra"]
[Source "ChessBase"]
[SourceDate "2023.09.30"]
[SourceVersion "1"]
[SourceVersionDate "2023.09.30"]
[SourceQuality "1"]

1. d4 Nf6 2. c4 g6 3. Nf3 Bg7 4. Nc3 d5 5. Bf4 c5 6. dxc5 Qa5 7. Qa4+ Qxa4 8. Nxa4 dxc4 9. e3 Ne4 10. Ne5 g5 11. Bxc4 e6 12. Bb5+ Ke7 13. c6 gxf4 14. cxb7 Bxb7 15. exf4 Nd6 16. Nc5 Bd5 17. Rd1 Bxe5 0-1